000 00470nam a2200169Ia 4500
005 20250326142441.0
008 250326s9999 xx 000 0 und d
037 _aTextbook
040 _aFMSL
_beng
_cFMSL
041 _aeng
_2eng
084 _qFMSL
245 0 _aCompetitive strategy : Techniques for analyzing industries and competitors
260 _aNew York
_bNew York, The Dryden Press
_c1980
300 _a406p
942 _cTB
999 _c1295081
_d1295081